MARC details
| 000 -LEADER |
| fixed length control field |
00934nam a22002177a 4500 |
| 003 - CONTROL NUMBER IDENTIFIER |
| control field |
OSt |
| 005 - DATE AND TIME OF LATEST TRANSACTION |
| control field |
20260327174957.0 |
| 008 - FIXED-LENGTH DATA ELEMENTS--GENERAL INFORMATION |
| fixed length control field |
260326b |||||||| |||| 00| 0 eng d |
| 040 ## - CATALOGING SOURCE |
| Transcribing agency |
0 |
| 082 ## - DEWEY DECIMAL CLASSIFICATION NUMBER |
| Classification number |
Philippine Sociological Review, Vol. 67, pages 97-104, 2019. |
| 100 ## - MAIN ENTRY--PERSONAL NAME |
| Personal name |
Salvador, Reindel Owen E. |
| Relator term |
author. |
| 9 (RLIN) |
70216 |
| 245 ## - TITLE STATEMENT |
| Title |
Globalism Demystified : |
| Remainder of title |
Asian Academia in the Quicksand of Globalization / |
| Statement of responsibility, etc. |
Reindel Owen E. Salvador |
| 260 ## - PUBLICATION, DISTRIBUTION, ETC. (IMPRINT) |
| Place of publication, distribution, etc. |
Commonwealth, Quezon City, Metro Manila. ; |
| Name of publisher, distributor, etc. |
Philippine Sociological Society , |
| Date of publication, distribution, etc. |
2019. |
| 300 ## - PHYSICAL DESCRIPTION |
| Extent |
volume 67, pages 97-104 : |
| Other physical details |
illustration ; |
| Dimensions |
23.5 cm. |
| 500 ## - GENERAL NOTE |
| General note |
Philippine Sociological Review, Vol. 67, pages 97-104, 2019. |
| 650 #0 - SUBJECT ADDED ENTRY--TOPICAL TERM |
| Topical term or geographic name as entry element |
Education, Higher. |
| 9 (RLIN) |
37661 |
| General subdivision |
International cooperation |
| Geographic subdivision |
Asia |
| 650 #0 - SUBJECT ADDED ENTRY--TOPICAL TERM |
| Topical term or geographic name as entry element |
Globalization |
| 9 (RLIN) |
168 |
| General subdivision |
Social aspects |
| Geographic subdivision |
Asia |
| 650 #0 - SUBJECT ADDED ENTRY--TOPICAL TERM |
| Topical term or geographic name as entry element |
Education and state |
| 9 (RLIN) |
70311 |
| General subdivision |
Asia |
| 700 ## - ADDED ENTRY--PERSONAL NAME |
| Personal name |
Salvador, Reindel Owen E. |
| Relator term |
author. |
| 9 (RLIN) |
70216 |
| 942 ## - ADDED ENTRY ELEMENTS (KOHA) |
| Source of classification or shelving scheme |
Dewey Decimal Classification |
| Koha item type |
Periodicals |